UBT Library

Laboratory manual on Fundamental principles of bacteriology, (Record no. 42620)

000 -LEADER
fixed length control field 00558cam a22002171 4500
001 - CONTROL NUMBER
control field 6453554
005 - DATE AND TIME OF LATEST TRANSACTION
control field 20180215045430.0
008 - FIXED-LENGTH DATA ELEMENTS--GENERAL INFORMATION
fixed length control field 760811s1943 xx 000 0 eng
010 ## - LIBRARY OF CONGRESS CONTROL NUMBER
LC control number 43001095
035 ## - SYSTEM CONTROL NUMBER
System control number (OCoLC)2366655
040 ## - CATALOGING SOURCE
Original cataloging agency DLC
Transcribing agency OTU
Modifying agency DLC
041 ## - LANGUAGE CODE
Language code of text/sound track or separate title eng
042 ## - AUTHENTICATION CODE
Authentication code premarc
080 ## - UNIVERSAL DECIMAL CLASSIFICATION NUMBER
Universal Decimal Classification number 589.95 SAL
082 ## - DEWEY DECIMAL CLASSIFICATION NUMBER
Classification number 589.95 SAL
100 1# - Rafti
Rafti 4
101 ## - Shkurtesa
Shkurtesa SHM
245 10 - TITLE STATEMENT
Title Laboratory manual on Fundamental principles of bacteriology,
Statement of responsibility, etc by A. J. Salle.
906 ## - LOCAL DATA ELEMENT F, LDF (RLIN)
a 7
b cbc
c oclcrpl
d u
e ncip
f 19
g y-gencatlg
942 ## - ADDED ENTRY ELEMENTS (KOHA)
Source of classification or shelving scheme
Item type Books
Holdings
Withdrawn status Lost status Source of classification or shelving scheme Damaged status Not for loan Collection code Permanent location Current location Shelving location Date acquired Total Checkouts Full call number Barcode Date last seen Price effective from Koha item type
          Koleksioni i përgjithshem UBT - Lipjan UBT - Lipjan Koleksioni i përgjithshem 02/15/2018   589.95 SAL 002-2997430 02/15/2018 02/15/2018 Books
UBT Library © 2015-2024. All rights reserved University Education for Business and Technology